Vista normal Vista MARC

Entrada Materia (personas)

Número de registros utilizados en: 4

001 - CONTROL NUMBER

  • control field: 54192

003 - CONTROL NUMBER IDENTIFIER

  • control field: Co-BoUCM

005 - DATE AND TIME OF LATEST TRANSACTION

  • control field: 20140124155048.0

008 - FIXED-LENGTH DATA ELEMENTS

  • fixed length control field: 140124|| aca||aabn | a|a d

040 ## - CATALOGING SOURCE

  • Original cataloging agency: Co-BoUCM
  • Transcribing agency: Co-BoUCM

100 ## - HEADING--PERSONAL NAME

  • Personal name: Smith, Anthony D.

670 ## - SOURCE DATA FOUND

  • Source citation: Work cat.: (Co-BoUCM)182280: Campbell, Peter N. 54123, Bioquímica ilustrada, 2006